[Event "Politiken Cup 37th"]
[Site "Helsingor"]
[Date "2015.07.26"]
[Round "3"]
[White "Smith, Thijmen"]
[Black "Hansen, Sune Berg"]
[Result "0-1"]
[WhiteElo "2252"]
[BlackElo "2566"]
[PlyCount "58"]
[EventDate "2015.07.25"]
[EventType "swiss"]
[EventRounds "10"]
[EventCountry "DEN"]
[SourceTitle "CBM 167 Extra"]
[Source "ChessBase"]
[SourceDate "2015.09.14"]
[SourceVersion "1"]
[SourceVersionDate "2015.09.14"]
[SourceQuality "1"]

1. e4 e5 2. Nf3 Nc6 3. Bb5 a6 4. Ba4 Nf6 5. Qe2 b5 6. Bb3 Bc5 7. d3 d6 8. c3 h6 9. Nbd2 Bb6 10. Nf1 Ne7 11. Be3 c5 12. Ng3 0-0 13. 0-0 Ng6 14. d4 Qc7 15. h3 Re8 16. a4 Bd7 17. dxc5 dxc5 18. Rfd1 c4 19. Bc2 Be6 20. Nf5 Bxf5 21. Bxb6 Qxb6 22. exf5 Nf4 23. Qe3 Qb7 24. Kh2 b4 25. cxb4 Qxb4 26. Qa3 Qb6 27. Rd2 e4 28. Nd4 Nd3 29. Bxd3 Qxd4 0-1

[Event "Terre degli Elimi op 5th"]
[Site "Erice"]
[Date "2014.07.20"]
[Round "2"]
[White "Burg, Twan"]
[Black "Smith, Thijmen"]
[Result "1-0"]
[WhiteElo "2508"]
[BlackElo "2225"]
[PlyCount "79"]
[EventDate "2014.07.19"]
[EventType "swiss"]
[EventRounds "9"]
[EventCountry "ITA"]
[SourceTitle "CBM 161 Extra"]
[Source "ChessBase"]
[SourceDate "2014.08.29"]
[SourceVersion "1"]
[SourceVersionDate "2014.08.29"]
[SourceQuality "1"]

1. e4 c5 2. Nf3 d6 3. d4 cxd4 4. Nxd4 Nf6 5. Nc3 a6 6. h3 e6 7. g4 d5 8. exd5 Nxd5 9. Bg2 Nxc3 10. bxc3 Qc7 11. 0-0 Bd6 12. Qe2 0-0 13. Rd1 Bd7 14. Rb1 Bc6 15. Nxc6 Nxc6 16. Be3 Rab8 17. Bxc6 bxc6 18. Qxa6 Ra8 19. Qc4 Be5 20. Bb6 Qc8 21. a4 h5 22. a5 hxg4 23. hxg4 c5 24. Rb5 Qc6 25. Rxc5 Qf3 26. Rd3 Bh2+ 27. Kf1 Qh1+ 28. Ke2 Qc1 29. Rd2 e5 30. Qe4 Bf4 31. Rd1 Qb2 32. Kf1 Rac8 33. Qa4 Rxc5 34. Bxc5 Rc8 35. Bb4 e4 36. Qb3 Qxb3 37. cxb3 e3 38. Rd4 g5 39. fxe3 Bxe3 40. Rd3 1-0

[Event "Oberliga NRW 1314"]
[Site "Germany"]
[Date "2013.11.17"]
[Round "3.4"]
[White "Hopman, Pieter"]
[Black "Smith, Thijmen"]
[Result "1/2-1/2"]
[WhiteElo "2372"]
[BlackElo "2195"]
[PlyCount "107"]
[EventDate "2013.09.15"]
[EventType "team-tourn"]
[EventRounds "9"]
[EventCountry "GER"]
[SourceTitle "EXT 2015"]
[Source "ChessBase"]
[SourceDate "2014.11.20"]
[SourceVersion "1"]
[SourceVersionDate "2014.11.20"]
[SourceQuality "1"]
[WhiteTeam "Wattenscheid II"]
[BlackTeam "Muelheim II"]
[WhiteTeamCountry "GER"]
[BlackTeamCountry "GER"]

1. d4 Nf6 2. c4 g6 3. Nc3 d5 4. cxd5 Nxd5 5. e4 Nxc3 6. bxc3 Bg7 7. Bc4 c5 8. Ne2 Nc6 9. Be3 0-0 10. Rc1 cxd4 11. cxd4 Qa5+ 12. Kf1 Qa3 13. Rc3 Qd6 14. h4 Bg4 15. f3 Bd7 16. h5 e5 17. d5 Na5 18. Bd3 b6 19. hxg6 hxg6 20. Qd2 Rfc8 21. Ba6 Rxc3 22. Qxc3 Rb8 23. Kf2 Nb7 24. Bxb7 Rxb7 25. Rc1 Bf8 26. g3 a5 27. f4 Bg7 28. fxe5 Bxe5 29. Bd4 Qf6+ 30. Kg2 Bxd4 31. Nxd4 Qe5 32. Qd3 f5 33. Nc6 Qxe4+ 34. Qxe4 fxe4 35. Kf2 Bxc6 36. Rxc6 Kf7 37. Ke3 b5 38. Kxe4 b4 39. Ra6 b3 40. axb3 Rxb3 41. g4 Rb4+ 42. Ke5 Rxg4 43. Ra7+ Ke8 44. Rxa5 g5 45. Kd6 Rd4 46. Ra8+ Kf7 47. Ra7+ Kf6 48. Ra1 g4 49. Kc6 Ke5 50. Re1+ Kf4 51. d6 g3 52. d7 g2 53. Kc7 Kf3 54. d8Q 1/2-1/2

[Event "Barbera del Valles op 36th"]
[Site "Barbera del Valles"]
[Date "2013.07.11"]
[Round "8"]
[White "Fluvia Poyatos, Jordi"]
[Black "Smith, Thijmen"]
[Result "1-0"]
[WhiteElo "2445"]
[BlackElo "2193"]
[PlyCount "77"]
[EventDate "2013.07.04"]
[EventType "swiss"]
[EventRounds "9"]
[EventCountry "ESP"]
[SourceTitle "CBM 155 Extra"]
[Source "ChessBase"]
[SourceDate "2013.08.26"]
[SourceVersion "1"]
[SourceVersionDate "2013.08.26"]
[SourceQuality "1"]

1. e4 c5 2. Nf3 d6 3. d4 cxd4 4. Nxd4 Nf6 5. Nc3 a6 6. g3 e5 7. Nb3 Be7 8. Bg2 b5 9. a4 b4 10. Nd5 Nxd5 11. Qxd5 Ra7 12. Be3 Be6 13. Qd3 Ra8 14. 0-0 0-0 15. Rfc1 Nd7 16. f4 Nf6 17. h3 a5 18. Kh2 Qb8 19. f5 Bc8 20. c3 Ba6 21. Qd2 Bb7 22. cxb4 Nxe4 23. Bxe4 Bxe4 24. Nxa5 Bxf5 25. Nc6 Qb7 26. b5 Qd7 27. a5 Bd8 28. b6 Be4 29. Nxe5 Qb5 30. Nc4 Be7 31. b4 d5 32. Na3 Qxb4 33. Qxb4 Bxb4 34. b7 Rad8 35. Bb6 Rde8 36. a6 d4 37. Bxd4 Rd8 38. Nb5 Bd3 39. a7 1-0

[Event "Barbera del Valles op 36th"]
[Site "Barbera del Valles"]
[Date "2013.07.04"]
[Round "1"]
[White "Smith, Thijmen"]
[Black "Satyapragyan, Swayangsu"]
[Result "0-1"]
[WhiteElo "2193"]
[BlackElo "2464"]
[PlyCount "60"]
[EventDate "2013.07.04"]
[EventType "swiss"]
[EventRounds "9"]
[EventCountry "ESP"]
[SourceTitle "CBM 155 Extra"]
[Source "ChessBase"]
[SourceDate "2013.08.26"]
[SourceVersion "1"]
[SourceVersionDate "2013.08.26"]
[SourceQuality "1"]

1. e4 c5 2. Nf3 e6 3. d4 cxd4 4. Nxd4 Nf6 5. Nc3 d6 6. Be3 a6 7. f3 b5 8. Qd2 Nbd7 9. g4 Nb6 10. g5 Nfd7 11. 0-0-0 Bb7 12. Qf2 Rc8 13. Bd3 Rxc3 14. bxc3 Qc7 15. Bxb5 axb5 16. Nxb5 Qc4 17. Bxb6 Qxb5 18. Bd4 Be7 19. h4 0-0 20. Kd2 e5 21. Rb1 Qc6 22. Be3 Rc8 23. Rb3 Ba6 24. Ra1 Bc4 25. Rbb1 d5 26. a4 Ba6 27. exd5 Qxc3+ 28. Kd1 Qc4 29. Kc1 Nc5 30. Qd2 Nb3+ 0-1

[Event "Helmond Legibus op"]
[Site "Helmond"]
[Date "2013.06.29"]
[Round "3"]
[White "Fridman, Daniel"]
[Black "Smith, Thijmen"]
[Result "1-0"]
[WhiteElo "2629"]
[BlackElo "2193"]
[PlyCount "81"]
[EventDate "2013.06.29"]
[EventType "swiss (rapid)"]
[EventRounds "9"]
[EventCountry "NED"]
[SourceTitle "CBM 155 Extra"]
[Source "ChessBase"]
[SourceDate "2013.08.26"]
[SourceVersion "1"]
[SourceVersionDate "2013.08.26"]
[SourceQuality "1"]

1. Nf3 Nf6 2. c4 d5 3. cxd5 Nxd5 4. e4 Nb6 5. d4 g6 6. h3 Bg7 7. Nc3 0-0 8. Be3 Nc6 9. Bb5 Bd7 10. 0-0 a6 11. Be2 Re8 12. Rc1 e5 13. d5 Na7 14. d6 c6 15. Qb3 Nbc8 16. Qxb7 Nxd6 17. Qb4 Bf8 18. Bc5 Rb8 19. Qa4 Nab5 20. Rfd1 Qc7 21. Qc2 Nxc3 22. bxc3 Bc8 23. Qa4 Rb2 24. Kf1 f5 25. Qa3 Rxe2 26. Kxe2 Nxe4 27. Bxf8 Rxf8 28. Nd2 Qa7 29. Nxe4 fxe4 30. Rf1 Be6 31. Qb4 Rb8 32. Qxe4 Rb2+ 33. Ke1 Qc5 34. Qe3 Qc4 35. f3 Bf5 36. Rf2 Rxa2 37. Qxe5 Rxf2 38. Kxf2 a5 39. Qxa5 Qd3 40. Qa2+ Kg7 41. Qe2 1-0

[Event "Helmond Legibus op"]
[Site "Helmond"]
[Date "2013.06.29"]
[Round "5"]
[White "Smit, Maarten"]
[Black "Smith, Thijmen"]
[Result "0-1"]
[WhiteElo "2044"]
[BlackElo "2193"]
[PlyCount "97"]
[EventDate "2013.06.29"]
[EventType "swiss (rapid)"]
[EventRounds "9"]
[EventCountry "NED"]
[SourceTitle "CBM 155 Extra"]
[Source "ChessBase"]
[SourceDate "2013.08.26"]
[SourceVersion "1"]
[SourceVersionDate "2013.08.26"]
[SourceQuality "1"]

1. c4 Nf6 2. Nc3 d5 3. cxd5 Nxd5 4. d4 g6 5. e4 Nxc3 6. bxc3 Bg7 7. Bc4 c5 8. Ne2 Nc6 9. Be3 0-0 10. Rc1 Na5 11. Bd3 cxd4 12. cxd4 e6 13. Qd2 b6 14. h4 Bb7 15. h5 Rc8 16. f3 Rxc1+ 17. Qxc1 Qc8 18. Kf2 Qd7 19. Qd2 Rd8 20. Rd1 Qa4 21. e5 Nc4 22. Bxc4 Qxc4 23. Rc1 Qa6 24. Bg5 Rc8 25. Bf6 Bf8 26. hxg6 fxg6 27. Nf4 Bh6 28. Kg3 Ba8 29. Rh1 Bxf4+ 30. Qxf4 Qb7 31. Qg5 Qf7 32. Rc1 Qd7 33. Rxc8+ Qxc8 34. Be7 Qe8 35. Qf6 Qf7 36. Qg5 Bd5 37. Bd6 Bxa2 38. Qd8+ Kg7 39. Qg5 Bd5 40. Be7 a5 41. Bf6+ Kg8 42. Qc1 Qe8 43. Qc7 Qf8 44. Qxb6 a4 45. Qa7 a3 46. Kf2 a2 47. Kg3 Bb3 48. Kf2 Bd5 49. Kg3 0-1

[Event "Maastricht Limburg op-A 7th"]
[Site "Maastricht"]
[Date "2013.05.19"]
[Round "5"]
[White "Smith, Thijmen"]
[Black "Schroer, Marcel"]
[Result "1/2-1/2"]
[WhiteElo "2195"]
[BlackElo "2141"]
[PlyCount "139"]
[EventDate "2013.05.17"]
[EventType "swiss"]
[EventRounds "7"]
[EventCountry "NED"]
[SourceTitle "EXT 2014"]
[Source "ChessBase"]
[SourceDate "2013.11.20"]
[SourceVersion "1"]
[SourceVersionDate "2013.11.20"]
[SourceQuality "1"]

1. e4 c6 2. d4 d5 3. exd5 cxd5 4. c4 Nf6 5. Nc3 g6 6. Qb3 Bg7 7. cxd5 0-0 8. Nge2 Na6 9. g3 Qb6 10. Qxb6 axb6 11. Bg2 Nb4 12. 0-0 Rd8 13. d6 Rxd6 14. Bf4 Rd7 15. Be5 Nfd5 16. Bxg7 Kxg7 17. a3 Nxc3 18. bxc3 Nc6 19. Rfb1 Ra6 20. Nf4 e5 21. Nd5 exd4 22. Nxb6 Rd8 23. Bxc6 bxc6 24. cxd4 Be6 25. Rb4 Rb8 26. Nd5 Rba8 27. Nc7 Rxa3 28. Nxe6+ fxe6 29. Rb7+ Kg8 30. Rxa3 Rxa3 31. Re7 Rd3 32. Rxe6 Rxd4 33. Rxc6 g5 34. Rc7 h6 35. Kg2 Ra4 36. Re7 Rb4 37. h3 Ra4 38. Kf3 Rb4 39. Re4 Rb2 40. Re7 Rb4 41. Rd7 Ra4 42. Ke3 Rb4 43. Rd4 Rb7 44. h4 Kg7 45. h5 Re7+ 46. Kf3 Rf7+ 47. Kg2 Rf6 48. Rd7+ Kg8 49. f3 Ra6 50. Kh3 Ra4 51. Re7 Rb4 52. Re4 Rb6 53. Kg4 Rf6 54. Re5 Kg7 55. Re7+ Kg8 56. Rd7 Kh8 57. f4 gxf4 58. gxf4 Kg8 59. Rd5 Kg7 60. Kf3 Ra6 61. Rd7+ Kg8 62. Ke4 Ra5 63. Rd5 Rxd5 64. Kxd5 Kf7 65. Ke5 Ke7 66. f5 Kf7 67. f6 Kf8 68. Ke6 Ke8 69. Ke5 Kf8 70. Ke6 1/2-1/2

[Event "Lille Luce op 4th"]
[Site "Lille"]
[Date "2013.04.17"]
[Round "7"]
[White "Roy Chowdhury, Saptarshi"]
[Black "Smith, Thijmen"]
[Result "1/2-1/2"]
[WhiteElo "2471"]
[BlackElo "2182"]
[PlyCount "109"]
[EventDate "2013.04.13"]
[EventType "swiss"]
[EventRounds "9"]
[EventCountry "FRA"]
[SourceTitle "CBM 154 Extra"]
[Source "ChessBase"]
[SourceDate "2013.06.25"]
[SourceVersion "2"]
[SourceVersionDate "2013.06.25"]
[SourceQuality "1"]

1. e4 c5 2. Nc3 d6 3. Nf3 Nf6 4. h3 a6 5. g3 g6 6. Bg2 Bg7 7. 0-0 0-0 8. d3 Nc6 9. Be3 Nd7 10. Qd2 Nd4 11. Nh2 Qa5 12. Rab1 Rb8 13. a3 Ne5 14. Kh1 Nec6 15. Qd1 b5 16. Nd5 e6 17. Bd2 b4 18. Ne3 Qc7 19. h4 bxa3 20. bxa3 Nb5 21. Qc1 Nc3 22. Rxb8 Qxb8 23. Nc4 d5 24. exd5 exd5 25. Ne3 Ne7 26. Neg4 h5 27. Qe1 hxg4 28. Bxc3 d4 29. Bd2 Nf5 30. Qd1 Bb7 31. Qxg4 Qa8 32. Bf3 Nh6 33. Bxh6 Bxh6 34. Kg1 Bxf3 35. Nxf3 Qc8 36. Qe4 Re8 37. Qd5 Qg4 38. Kg2 Re7 39. Re1 Rxe1 40. Nxe1 Qe2 41. Nf3 Be3 42. h5 Qxf2+ 43. Kh3 Qf1+ 44. Kg4 gxh5+ 45. Qxh5 c4 46. Qf5 cxd3 47. cxd3 Qd1 48. Qe4 a5 49. Kf5 Qb3 50. Qe8+ Kg7 51. Ne5 Qa2 52. Qc6 a4 53. Qf6+ Kg8 54. Ke4 Bc1 55. Qf1 1/2-1/2

[Event "Lille Luce op 4th"]
[Site "Lille"]
[Date "2013.04.13"]
[Round "1"]
[White "Danin, Alexandre"]
[Black "Smith, Thijmen"]
[Result "1-0"]
[WhiteElo "2575"]
[BlackElo "2182"]
[PlyCount "71"]
[EventDate "2013.04.13"]
[EventType "swiss"]
[EventRounds "9"]
[EventCountry "FRA"]
[SourceTitle "CBM 154 Extra"]
[Source "ChessBase"]
[SourceDate "2013.06.25"]
[SourceVersion "2"]
[SourceVersionDate "2013.06.25"]
[SourceQuality "1"]

1. e4 c5 2. Nf3 d6 3. d4 cxd4 4. Nxd4 Nf6 5. Nc3 a6 6. Bc4 e6 7. Bb3 Nbd7 8. f4 Nc5 9. Qf3 b5 10. f5 e5 11. Nc6 Qc7 12. Nb4 Nxb3 13. cxb3 Qa5 14. a3 Bb7 15. Bd2 Qd8 16. Bg5 Be7 17. Bxf6 Bxf6 18. Nbd5 Bh4+ 19. g3 Bg5 20. Rd1 0-0 21. h4 Bh6 22. 0-0 f6 23. Kh2 Rc8 24. Rd3 Rf7 25. Qf2 Rc5 26. Rfd1 Qb8 27. Kh3 Ba8 28. Nb4 Rxc3 29. bxc3 Bxe4 30. Rxd6 Rf8 31. Nc6 Qc7 32. Qc5 Bxf5+ 33. g4 Be4 34. Rd8 Rxd8 35. Rxd8+ Kf7 36. Rf8+ 1-0

[Event "Dresden ZMD op-A 21st"]
[Site "Dresden"]
[Date "2012.08.26"]
[Round "9"]
[White "Smith, Thijmen"]
[Black "Paul, Johannes"]
[Result "0-1"]
[WhiteElo "2148"]
[BlackElo "2205"]
[PlyCount "50"]
[EventDate "2012.08.18"]
[EventType "swiss"]
[EventRounds "9"]
[EventCountry "GER"]
[SourceTitle "CBM 150 Extra"]
[Source "ChessBase"]
[SourceDate "2012.10.19"]
[SourceVersion "1"]
[SourceVersionDate "2012.10.19"]
[SourceQuality "1"]

1. e4 e6 2. d4 d5 3. Nd2 h6 4. Ngf3 Nf6 5. e5 Nfd7 6. Bd3 c5 7. c3 Nc6 8. Nf1 Qb6 9. dxc5 Bxc5 10. Qe2 g5 11. b4 Bf8 12. b5 Na5 13. Ne3 Be7 14. 0-0 Nc5 15. Nd4 Qc7 16. f4 gxf4 17. Ng4 h5 18. Nf6+ Bxf6 19. exf6 Nxd3 20. Qxd3 e5 21. Bxf4 exf4 22. Rae1+ Kf8 23. Re7 Qd6 24. Rxf4 Qxf4 25. Qe2 Qxf6 0-1

[Event "Dresden ZMD op-A 21st"]
[Site "Dresden"]
[Date "2012.08.25"]
[Round "8"]
[White "Smith, Thijmen"]
[Black "Oehl, Tim"]
[Result "1-0"]
[WhiteElo "2148"]
[BlackElo "2004"]
[PlyCount "73"]
[EventDate "2012.08.18"]
[EventType "swiss"]
[EventRounds "9"]
[EventCountry "GER"]
[SourceTitle "CBM 150 Extra"]
[Source "ChessBase"]
[SourceDate "2012.10.19"]
[SourceVersion "1"]
[SourceVersionDate "2012.10.19"]
[SourceQuality "1"]

1. e4 e6 2. d4 d5 3. Nd2 Nf6 4. e5 Nfd7 5. Bd3 c5 6. c3 Nc6 7. Ne2 cxd4 8. cxd4 f6 9. exf6 Nxf6 10. 0-0 Bd6 11. f4 0-0 12. Nf3 Bd7 13. Kh1 Be8 14. Ng3 h6 15. Bb1 Qc7 16. Ne5 Rc8 17. Be3 Nb4 18. Rf2 Bxe5 19. dxe5 Nh5 20. a3 Nxg3+ 21. hxg3 Nc6 22. Qc2 g5 23. Bc5 Rf5 24. Qe2 Rf7 25. Bd6 Qb6 26. Bg6 Rg7 27. Bxe8 Rxe8 28. Raf1 Nd4 29. Qh5 Rc8 30. fxg5 Nf5 31. Rxf5 exf5 32. gxh6 Rxg3 33. Qxf5 Qc6 34. Qf4 Rxg2 35. Kxg2 d4+ 36. Rf3 Qc2+ 37. Kh3 1-0

[Event "Dresden ZMD op-A 21st"]
[Site "Dresden"]
[Date "2012.08.21"]
[Round "4"]
[White "Smith, Thijmen"]
[Black "Sbarra, Marco"]
[Result "1/2-1/2"]
[WhiteElo "2148"]
[BlackElo "2115"]
[PlyCount "85"]
[EventDate "2012.08.18"]
[EventType "swiss"]
[EventRounds "9"]
[EventCountry "GER"]
[SourceTitle "CBM 150 Extra"]
[Source "ChessBase"]
[SourceDate "2012.10.19"]
[SourceVersion "1"]
[SourceVersionDate "2012.10.19"]
[SourceQuality "1"]

1. e4 e5 2. Nf3 Nc6 3. Bb5 a6 4. Ba4 Nf6 5. 0-0 Be7 6. Re1 b5 7. Bb3 0-0 8. c3 d6 9. h3 Na5 10. Bc2 c5 11. d4 Qc7 12. Nbd2 Nc6 13. d5 Nd8 14. b3 Bd7 15. Nf1 Ne8 16. Ng3 g6 17. Bh6 Ng7 18. Nh2 f6 19. Be3 Nf7 20. Ng4 c4 21. bxc4 Qxc4 22. Bd2 Rfb8 23. Ne3 Qc8 24. a4 Nd8 25. axb5 axb5 26. Qe2 Rxa1 27. Rxa1 Nb7 28. Bd3 Nc5 29. Nc2 Na4 30. Ra3 Bd8 31. Nb4 Nc5 32. Kh2 Nxd3 33. Qxd3 Ra8 34. Rxa8 Qxa8 35. Nf1 Nh5 36. g3 Qc8 37. Ne3 Bb6 38. Nc6 Bxc6 39. dxc6 Qxc6 40. Nd5 Bd8 41. Nb4 Qd7 42. Qd5+ Kg7 43. Be3 1/2-1/2

[Event "Dresden ZMD op-A 21st"]
[Site "Dresden"]
[Date "2012.08.19"]
[Round "2"]
[White "Smith, Thijmen"]
[Black "Hansch, Torsten"]
[Result "1/2-1/2"]
[WhiteElo "2148"]
[BlackElo "2016"]
[PlyCount "78"]
[EventDate "2012.08.18"]
[EventType "swiss"]
[EventRounds "9"]
[EventCountry "GER"]
[SourceTitle "CBM 150 Extra"]
[Source "ChessBase"]
[SourceDate "2012.10.19"]
[SourceVersion "1"]
[SourceVersionDate "2012.10.19"]
[SourceQuality "1"]

1. e4 c5 2. Nf3 d6 3. d4 cxd4 4. Nxd4 Nf6 5. Nc3 a6 6. f4 e5 7. Nf3 Nbd7 8. a4 Qc7 9. Bd3 b6 10. 0-0 Bb7 11. Qe1 Be7 12. Kh1 0-0 13. Nh4 g6 14. fxe5 Nxe5 15. Bg5 Nfg4 16. Bxe7 Qxe7 17. Nf3 Rfe8 18. Qg3 Rac8 19. Rae1 Qf8 20. Nxe5 Nxe5 21. Qf2 Rc5 22. Qe2 a5 23. Bb5 Re6 24. Qd2 Qe7 25. Qd4 Qh4 26. Re3 Rf6 27. Rxf6 Qxf6 28. Re1 Qh4 29. Rf1 Ng4 30. Qxd6 Rh5 31. h3 Nf2+ 32. Rxf2 Qxf2 33. Qb8+ Kg7 34. Qxb7 Rg5 35. e5 Qe1+ 36. Kh2 Qxe5+ 37. Kh1 Qe1+ 38. Kh2 Qg3+ 39. Kh1 Qe1+ 1/2-1/2

[Event "Dresden ZMD op-A 21st"]
[Site "Dresden"]
[Date "2012.08.18"]
[Round "1"]
[White "Prohaszka, Peter"]
[Black "Smith, Thijmen"]
[Result "1-0"]
[WhiteElo "2557"]
[BlackElo "2148"]
[PlyCount "102"]
[EventDate "2012.08.18"]
[EventType "swiss"]
[EventRounds "9"]
[EventCountry "GER"]
[SourceTitle "CBM 150 Extra"]
[Source "ChessBase"]
[SourceDate "2012.10.19"]
[SourceVersion "1"]
[SourceVersionDate "2012.10.19"]
[SourceQuality "1"]

1. d4 Nf6 2. Nf3 g6 3. c4 Bg7 4. Nc3 d5 5. e3 c5 6. dxc5 Qa5 7. cxd5 Ne4 8. Bd2 Nxd2 9. Qxd2 0-0 10. Rc1 Na6 11. a3 Qxc5 12. Be2 Qb6 13. b4 Bd7 14. 0-0 Nc7 15. Ne4 Rfd8 16. Nc5 Be8 17. e4 e6 18. Bc4 exd5 19. exd5 Bc6 20. d6 Bxf3 21. Qf4 Rxd6 22. Qxf7+ Kh8 23. Qxf3 Rf8 24. Qxb7 Qxb7 25. Nxb7 Rd2 26. Nc5 Bb2 27. Rcd1 Rxd1 28. Rxd1 Bxa3 29. Rd7 Rc8 30. g3 Bxb4 31. Ne4 Ne8 32. Ba6 Rc1+ 33. Kg2 Re1 34. Ng5 Re7 35. Rd8 Kg7 36. Bc4 Nd6 37. Bb3 a5 38. Ne6+ Kh6 39. Nf4 Ne4 40. Nd5 Rb7 41. Nxb4 Rxb4 42. Bc2 Nc5 43. Rc8 Ne6 44. Ra8 Rb5 45. Ba4 Rc5 46. Re8 Ng7 47. Re7 Nf5 48. Ra7 Nd4 49. h4 Ne6 50. Re7 Nd4 51. f4 Rc4 1-0

[Event "Maastricht Limburg op-A 6th"]
[Site "Maastricht"]
[Date "2012.05.26"]
[Round "3.10"]
[White "Brustkern, Juergen"]
[Black "Smith, Thijmen"]
[Result "1-0"]
[WhiteElo "2244"]
[BlackElo "2172"]
[PlyCount "61"]
[EventDate "2012.05.25"]
[EventType "swiss"]
[EventRounds "7"]
[EventCountry "NED"]
[SourceTitle "CBM 148 Extra"]
[Source "ChessBase"]
[SourceDate "2012.06.22"]
[SourceVersion "1"]
[SourceVersionDate "2012.06.22"]
[SourceQuality "1"]

1. d4 Nf6 2. c4 g6 3. Nc3 d5 4. Bg5 Ne4 5. Bh4 Nxc3 6. bxc3 Be6 7. e3 dxc4 8. Nf3 Bg7 9. Be2 0-0 10. 0-0 Bd5 11. Nd2 c5 12. e4 Bc6 13. d5 Bxc3 14. Rc1 Ba4 15. Qxa4 Bxd2 16. Rxc4 Qe8 17. Qb3 b6 18. e5 Bh6 19. Re4 e6 20. Bb5 Qc8 21. Bc4 exd5 22. Bxd5 Nc6 23. e6 Nd4 24. exf7+ Kg7 25. Rxd4 cxd4 26. Qf3 g5 27. Bg3 Kh8 28. Be5+ Bg7 29. Qf6 Rxf7 30. Bxf7 Qf8 31. Bxd4 1-0

[Event "Rethymno op 3rd"]
[Site "Rethymno"]
[Date "2011.07.14"]
[Round "5"]
[White "Smith, Thijmen"]
[Black "Faibisovich, Vadim Z"]
[Result "0-1"]
[WhiteElo "2149"]
[BlackElo "2409"]
[PlyCount "46"]
[EventDate "2011.07.11"]
[EventType "swiss"]
[EventRounds "9"]
[EventCountry "GRE"]
[SourceTitle "CBM 143 Extra"]
[Source "ChessBase"]
[SourceDate "2011.08.29"]
[SourceVersion "1"]
[SourceVersionDate "2011.08.29"]
[SourceQuality "1"]

1. e4 c5 2. Nf3 Nc6 3. d4 cxd4 4. Nxd4 g6 5. Nc3 Bg7 6. Be3 Nf6 7. Bc4 0-0 8. Bb3 Ng4 9. Qxg4 Nxd4 10. Qd1 Nxb3 11. axb3 b6 12. Bd4 f6 13. 0-0 Bb7 14. Qd3 e6 15. Rfd1 Qb8 16. Be3 Rd8 17. Ra4 Bc6 18. Rd4 b5 19. b4 a5 20. bxa5 Rxa5 21. Rd6 Re8 22. e5 fxe5 23. Ne4 Bxe4 0-1

[Event "Cappelle op 27th"]
[Site "Cappelle la Grande"]
[Date "2011.03.03"]
[Round "7"]
[White "Berczes, David"]
[Black "Smith, Thijmen"]
[Result "1-0"]
[WhiteElo "2535"]
[BlackElo "2143"]
[PlyCount "77"]
[EventDate "2011.02.26"]
[EventType "swiss"]
[EventRounds "9"]
[EventCountry "FRA"]
[SourceTitle "CBM 141 Extra"]
[Source "ChessBase"]
[SourceDate "2011.05.03"]
[SourceVersion "1"]
[SourceVersionDate "2011.05.03"]
[SourceQuality "1"]

1. Nf3 Nf6 2. c4 g6 3. Nc3 d5 4. cxd5 Nxd5 5. Qb3 Nb6 6. d4 Bg7 7. Bf4 0-0 8. Rd1 Be6 9. d5 Bd7 10. Ne5 c6 11. dxc6 bxc6 12. g3 Qc8 13. Nxd7 N8xd7 14. Bg2 e5 15. Be3 Qc7 16. Rc1 Rac8 17. Nb5 Qb8 18. Rxc6 Rxc6 19. Bxc6 Rc8 20. Bxd7 Nxd7 21. Bxa7 Qb7 22. 0-0 Nc5 23. Bxc5 Rxc5 24. Nc3 Qxb3 25. axb3 f5 26. e4 fxe4 27. Re1 Bh6 28. Rxe4 Bc1 29. b4 Rc8 30. Na4 Rb8 31. Kf1 Kf7 32. Ke2 Kf6 33. Kd1 Kf5 34. f3 Bh6 35. Kc2 Rd8 36. g4+ Ke6 37. b5 Rd2+ 38. Kc3 Rd7 39. Nc5+ 1-0

[Event "Maastricht Limburg op 3rd"]
[Site "Maastricht"]
[Date "2009.05.31"]
[Round "5"]
[White "Smith, Thijmen"]
[Black "Serbu, Eli"]
[Result "1-0"]
[WhiteElo "1955"]
[BlackElo "2180"]
[PlyCount "107"]
[EventDate "2009.05.29"]
[EventType "swiss"]
[EventRounds "7"]
[EventCountry "NED"]
[SourceTitle "CBM 130 Extra"]
[Source "ChessBase"]
[SourceDate "2009.07.02"]
[SourceVersion "2"]
[SourceVersionDate "2009.07.15"]
[SourceQuality "1"]

1. e4 c5 2. Nf3 Nc6 3. d4 cxd4 4. Nxd4 Qc7 5. Nc3 e6 6. Be3 a6 7. Bd3 Nf6 8. 0-0 Be7 9. h3 0-0 10. Kh1 d6 11. f4 Nxd4 12. Bxd4 e5 13. Be3 b5 14. Qf3 Bb7 15. Nd5 Nxd5 16. exd5 Kh8 17. f5 Bf6 18. Be4 Qe7 19. Qh5 Rac8 20. b3 Rc3 21. Rae1 Rg8 22. Qg4 Rgc8 23. Rf3 Ba8 24. Qh5 Rg8 25. Ref1 Rc7 26. Rg3 Rc3 27. Rff3 Rgc8 28. Rg4 Bb7 29. Rfg3 Rg8 30. Rh4 Bxh4 31. f6 g6 32. fxe7 Bxe7 33. Qh6 f5 34. Bxf5 gxf5 35. Rxg8+ Kxg8 36. Bg5 Rc7 37. Qe6+ Kf8 38. Qxf5+ Ke8 39. Qe6 Bc8 40. Qg8+ Bf8 41. Bh6 Rf7 42. Bxf8 Rxf8 43. Qxh7 Bf5 44. Qc7 Rf6 45. Qc6+ Kf7 46. Qxa6 Be4 47. Qxb5 Rg6 48. Qf1+ Rf6 49. Qd1 Rf2 50. Qh5+ Bg6 51. Qg4 Bf5 52. Qb4 Rxc2 53. Qxd6 e4 54. Qf4 1-0

[Event "Maastricht Limburg op 3rd"]
[Site "Maastricht"]
[Date "2009.05.29"]
[Round "1"]
[White "Andok, Claus Michael"]
[Black "Smith, Thijmen"]
[Result "1/2-1/2"]
[WhiteElo "2085"]
[BlackElo "1955"]
[PlyCount "45"]
[EventDate "2009.05.29"]
[EventType "swiss"]
[EventRounds "7"]
[EventCountry "NED"]
[SourceTitle "CBM 130 Extra"]
[Source "ChessBase"]
[SourceDate "2009.07.02"]
[SourceVersion "2"]
[SourceVersionDate "2009.07.15"]
[SourceQuality "1"]

1. e4 c5 2. Nf3 Nc6 3. d3 d6 4. g3 g6 5. Bg2 Bg7 6. Nbd2 e5 7. a4 Nge7 8. 0-0 0-0 9. Nc4 f6 10. Nfd2 Be6 11. Re1 Qc7 12. Ne3 Rad8 13. Nb1 f5 14. Nc3 a6 15. Ned5 Bxd5 16. Nxd5 Nxd5 17. exd5 Nb8 18. c4 Nd7 19. a5 Nf6 20. Bg5 Qf7 21. Qd2 Rde8 22. Rab1 e4 23. Bf4 1/2-1/2